000 00642nam a22002057a 4500
999 _c16133
_d16133
003 AR-CdUCM
008 190308b ||||| |||| 00| 0 spa d
040 _aMUNICIPALIDAD PROVINCIAL DEL CUSCO
_cBIBLIOTECA MUNICIPAL DEL CUSCO
082 _a828.62 /
_bB24
100 _aBaroja, Pio
_913078
245 _aVidas sombrías /
260 _aMadrid :
_bCaro ragio,
_c1900.
300 _a236 paginas ;
_c19 cm.
505 _aContenido : Bondad oculta -- Medium -- Mari Belcha -- Los panaderos ...
650 _aNovelas Españolas
_99372
650 _aLiteratura
_983
650 _aSiglo XX
_98
942 _2ddc
_cLIBROS
945 _arah
_d02/05/2019